| 000 | 00820nam a2200241 i 4500 | ||
|---|---|---|---|
| 001 | bg | ||
| 100 | 1 | _aLedakowicz, Stanisław. | |
| 245 | 1 | 0 |
_aWielofazowe reaktory chemiczne. _nCz. 1 / _cStanisław Ledakowicz. |
| 260 |
_aŁódź : _bWydawnictwo Politechniki Łódzkiej, _c1994. |
||
| 300 |
_a247 s. : _brys., wykr. ; _c21 cm. |
||
| 490 | 1 | _aSkrypty dla Szkół Wyższych / Politechnika Łódzka | |
| 504 | _aBibliogr. s. 247. | ||
| 521 | _aDla studentów Wydz. Inżynierii Chemicznej, Wydz. Chemicznego. | ||
| 650 | 9 | _aTechnologia chemiczna | |
| 650 | 9 | _aReaktory chemiczne | |
| 655 | _aPodręczniki akademickie | ||
| 830 | 0 | _aSkrypty dla Szkół Wyższych (Politechnika Łódzka) | |
| 040 | _cBPK | ||
| 041 | 0 | _apol | |
| 080 | _a66.023(075.8) | ||
| 942 | _cKS | ||
| 008 | s pl f |000 0 pol | ||
| 999 |
_c24525 _d24525 |
||
| 856 |
_uhttp://koha.tu.koszalin.pl/cgi-bin/koha/opac-detail.pl?biblionumber=24525 _yKatalog online BPK |
||